Αντιλήψεις και προοπτικές εκπροσώπων ελληνικών επιχειρήσεων & μη-κυβερνητικών οργανισμών (ΜΚΟ), αναφορικά με την εταιρική κοινωνική ευθύνη : διατριβή
Saved in:
| Main Author: | |
|---|---|
| Corporate Author: | |
| Other Authors: | |
| Format: | Thesis Book |
| Language: | Greek |
| Published: |
2011
|
| Subjects: | |
| Online Access: | http://hdl.handle.net/11610/15059 |
| Tags: |
Add Tag
No Tags, Be the first to tag this record!
|
MARC
| LEADER | 00000cam a2200000 i 4500 | ||
|---|---|---|---|
| 001 | 1/33670 | ||
| 008 | 130801s2011 gre d | ||
| 035 | |l 10115134 | ||
| 040 | |a GR-MY-UA |b gre |e aacr | ||
| 041 | 0 | |a gre | |
| 082 | 0 | |a 658.408 |2 (22) | |
| 100 | 1 | |a Ντάμπου, Άννα. | |
| 245 | 1 | 0 | |a Αντιλήψεις και προοπτικές εκπροσώπων ελληνικών επιχειρήσεων & μη-κυβερνητικών οργανισμών (ΜΚΟ), αναφορικά με την εταιρική κοινωνική ευθύνη : |b διατριβή / |c Άννα Ντάμπου ; επιβλέπων: Κωνσταντίνος Ευαγγελινός |
| 260 | |c 2011 | ||
| 300 | |a 59 σ.; |c 30 εκ. | ||
| 500 | |a Βιβλιογραφία: σ. 47-52, παράρτημα | ||
| 502 | |a Διατριβή (μεταπτυχιακή) – Πανεπιστήμιο Αιγαίου, Λέσβος, 2011. | ||
| 650 | 0 | 0 | |a Social responsibility of business |z Greece. |
| 650 | 0 | 0 | |a Industrial management |z Greece. |
| 650 | 0 | 0 | |a Business enterprises |z Greece. |
| 650 | 0 | 0 | |a Dissertations, Academic |z Greece. |
| 700 | 1 | |a Ευαγγελινός, Κωνσταντίνος. |4 ths | |
| 710 | 2 | |a Πανεπιστήμιο Αιγαίου |b Σχολή Περιβάλλοντος |b Τμήμα Περιβάλλοντος |b Πρόγραμμα Μεταπτυχιακών Σπουδών Περιβαλλοντική Πολιτική και Διαχείριση. | |
| 852 | |a INST |b LESVOS |c DIATR |e 20130801 |h 711 |p 005100052393 |q 005100052393 |t MTXE |y 23 | ||
| 852 | |a INST |b LESVOS |c DIATR |e 20130801 |h 712 |p 005100052392 |q 005100052392 |t MTXE |y 23 | ||
| 856 | |u http://hdl.handle.net/11610/15059 | ||
| 901 | |a BIBL1-2013-2 | ||
| 909 | |a Λ |b 181725 | ||
| 909 | |a Λ |b 181726 | ||
| 924 | |a Ντάμπου |b Αννα |y Λέσβος |z 2012-04 | ||
| 970 | |a Τζαφέρη |b Ευαγγελία |z 2013/08/01 | ||